Matemáticas en la mercadotecnia (Registro nro. 2915)
[ vista simple ]
| 000 -LEADER | |
|---|---|
| fixed length control field | 01001 a2200265 4500 |
| 001 - CONTROL NUMBER | |
| control field | 38670 |
| 005 - DATE AND TIME OF LATEST TRANSACTION | |
| control field | 20260407155648.0 |
| 008 - FIXED-LENGTH DATA ELEMENTS--GENERAL INFORMATION | |
| fixed length control field | 260407a1983 arg spa d |
| 003 - CONTROL NUMBER IDENTIFIER | |
| control field | AR-UNSa-BCEJYS |
| 040 ## - CATALOGING SOURCE | |
| Original cataloging agency | AR-UNSa-BCEJYS |
| Language of cataloging | spa |
| Transcribing agency | AR-UNSa-BCEJYS |
| 080 ## - UNIVERSAL DECIMAL CLASSIFICATION NUMBER | |
| Universal Decimal Classification number | 51-7:658.8 |
| Common auxiliary subdivision | Matemáticas en Marketing |
| 020 ## - INTERNATIONAL STANDARD BOOK NUMBER | |
| International Standard Book Number | 968-451-457-3 |
| 041 ## - LANGUAGE CODE | |
| Language code of text/sound track or separate title | spa |
| 100 1# - MAIN ENTRY--PERSONAL NAME | |
| Personal name | Díaz Mata, Alfredo |
| 245 10 - TITLE STATEMENT | |
| Title | Matemáticas en la mercadotecnia |
| 264 #1 - PRODUCTION, PUBLICATION, DISTRIBUTION, MANUFACTURE, AND COPYRIGHT NOTICE | |
| Place of production, publication, distribution, manufacture | México : |
| Name of producer, publisher, distributor, manufacturer | McGraw-Hill |
| Date of production, publication, distribution, manufacture, or copyright notice | 1983 |
| 300 ## - PHYSICAL DESCRIPTION | |
| Extent | viii, 142 p. |
| Dimensions | 27 cm. |
| 505 ## - FORMATTED CONTENTS NOTE | |
| Formatted contents note | 1. Matemáticas y ventas - 2. Manejo de registros de ventas - 3. Transacciones con máquina registradora - 4. Pesos y medidas en ventas - 5. Matemáticas y procedimientos de inventarios - 6. Procedimientos de compras - 7. Procedimientos en precios - 8. Cálculo de nómina. |
| 590 ## - LOCAL NOTE (RLIN) | |
| Local note | niveau_biblio:m niveau_hierar:0 |
| 700 1# - ADDED ENTRY--PERSONAL NAME | |
| Personal name | Logan, William B. |
| 700 1# - ADDED ENTRY--PERSONAL NAME | |
| Personal name | Herbert Freeman, M. |
| 700 1# - ADDED ENTRY--PERSONAL NAME | |
| Personal name | Dorr, Eugene L. |
| 700 1# - ADDED ENTRY--PERSONAL NAME | |
| Personal name | Villarreal V., Héctor |
| 942 ## - ADDED ENTRY ELEMENTS (KOHA) | |
| Koha item type | |
| Withdrawn status | Lost status | Damaged status | Not for loan | Home library | Current library | Shelving location | Date acquired | Total checkouts | Full call number | Barcode | Date last seen | Price effective from | Koha item type |
|---|---|---|---|---|---|---|---|---|---|---|---|---|---|
| Biblioteca Prof. Eusebio Cleto del Rey | Biblioteca Prof. Eusebio Cleto del Rey | 07/04/2026 | 51-7:658.8 L831 | L45443 | 07/04/2026 | 07/04/2026 | Libro |